000 00631nam a2200193Ia 4500
003 GCL
008 140319s9999 xx 000 0 ara d
040 _aGCL /
_cGCL
082 0 4 _a813
_bع ح
100 1 _aعبدالغفار مكاوى
245 1 0 _aالحصان الاخضر :
_bيموت على شوارع الاسفلت /
_cعبدالغفار مكاوى
260 _aالقاهرة :
_bدار المعارف
300 _a ؛
_c15 سم
490 _aكتاب الهلال
_v0
650 0 4 _aالادب العربى
650 0 4 _aالقصص العربية
650 0 4 _aالقصة العربية- مصر
942 _2ddc
_cBK
999 _c46767
_d46767